000 00780na a2200253 4500
001 14105
003 MIRAKIL
005 20181213155122.0
008 161102b tu 000 0
035 _a14105
040 _aMilas
_btur
_cTR-AnCHP
082 _a923.33 Gençer,R.
_bG35g 2012
090 _a923.33 Gençer,R. G35g 2012
100 _aGençer, Recep
245 _aGirişimci bir sanayicinin anıları
_bİyi bir sanayici nasıl olunur?
_cRecep Gençer
246 _aİyi bir sanayici nasıl olunur?
260 _aİstanbul
_bRecep Gençer Vakfı
_c2012
300 _a96 s.
_c24 sm.
600 _aGençer, Recep
_xAnılar
650 _aGirişimciler
_xAnılar
650 _aİş adamları
_xAnılar
650 _aSanayi
_d1950-
_xAnılar
_zTürkiye
942 _2ddc
_cBKS
999 _c6901
_d6901